[Event "Stay Safe Play From Home 269"]
[Site "Emanuel Lasker Arena"]
[Date "2020.07.01"]
[Round "8"]
[White "Mepe_Nika"]
[Black "Bardellosport"]
[Result "1-0"]
[WhiteElo "2415"]
[BlackElo "2003"]
[PlyCount "89"]
[EventDate "2020.07.01"]
[EventType "swiss (blitz)"]

1. d4 {[%emt 0:00:01]} d5 {[%emt 0:00:01]} 2. Bf4 {[%emt 0:00:01]} c6 {[%emt 0:00:00]} 3. e3 {[%emt 0:00:00]} e6 {[%emt 0:00:01]} 4. c4 {[%emt 0:00:00]} f5 {[%emt 0:00:01]} 5. Nc3 {[%emt 0:00:01]} Nf6 {[%emt 0:00:01]} 6. Nf3 {[%emt 0:00:00]} Bd6 {[%emt 0:00:01]} 7. Qc2 {[%emt 0:00:00]} Bxf4 {[%emt 0:00:01]} 8. exf4 {[%emt 0:00:00]} Ne4 {[%emt 0:00:00]} 9. Bd3 {[%emt 0:00:01]} O-O {[%emt 0:00:01]} 10. O-O {[%emt 0:00:00]} Qe7 {[%emt 0:00:01]} 11. Ne5 {[%emt 0:00:01]} Bd7 {[%emt 0:00:01]} 12. f3 {[%emt 0:00:01]} Nxc3 {[%emt 0:00:02]} 13. Qxc3 {[%emt 0:00:00]} Be8 {[%emt 0:00:00]} 14. cxd5 {[%emt 0:00:01]} exd5 {[%emt 0:00:01]} 15. Rfe1 {[%emt 0:00:01]} Qd6 {[%emt 0:00:01]} 16. b4 {[%emt 0:00:01]} Nd7 {[%emt 0:00:01]} 17. a4 {[%emt 0:00:01]} Nxe5 {[%emt 0:00:01]} 18. fxe5 {[%emt 0:00:01]} Qe7 {[%emt 0:00:00]} 19. Qc5 {[%emt 0:00:02]} Qxc5 {[%emt 0:00:01]} 20. bxc5 {[%emt 0:00:00]} Bd7 {[%emt 0:00:00]} 21. f4 {[%emt 0:00:01]} Rfb8 {[%emt 0:00:01]} 22. a5 {[%emt 0:00:01]} a6 {[%emt 0:00:01]} 23. Reb1 {[%emt 0:00:01]} Ra7 {[%emt 0:00:01]} 24. Rb2 {[%emt 0:00:01]} Bc8 {[%emt 0:00:01]} 25. Rab1 {[%emt 0:00:00]} Rba8 {[%emt 0:00:01]} 26. Kf2 {[%emt 0:00:01]} Kf7 {[%emt 0:00:01]} 27. h3 {[%emt 0:00:00]} h6 {[%emt 0:00:01]} 28. g4 {[%emt 0:00:01]} g6 {[%emt 0:00:01]} 29. Ke3 {[%emt 0:00:01]} Kg7 {[%emt 0:00:01]} 30. Rg2 {[%emt 0:00:01]} Kh7 {[%emt 0:00:02]} 31. Rbg1 {[%emt 0:00:01]} Be6 {[%emt 0:00:02]} 32. gxf5 {[%emt 0:00:01]} gxf5 {[%emt 0:00:00]} 33. Rg7+ {[%emt 0:00:01]} Kh8 {[%emt 0:00:01]} 34. Re7 {[%emt 0:00:01]} Bg8 {[%emt 0:00:03]} 35. Bxf5 {[%emt 0:00:01]} b5 {[%emt 0:00:01]} 36. Rxa7 {[%emt 0:00:05]} Rxa7 {[%emt 0:00:00]} 37. Rg6 {[%emt 0:00:02]} Rb7 {[%emt 0:00:01]} 38. Rxc6 {[%emt 0:00:01]} b4 {[%emt 0:00:01]} 39. Rb6 {[%emt 0:00:00]} Rg7 {[%emt 0:00:02]} 40. Rxb4 {[%emt 0:00:02]} Rg3+ {[%emt 0:00:00]} 41. Kf2 {[%emt 0:00:01]} Ra3 {[%emt 0:00:00]} 42. c6 {[%emt 0:00:01]} Rxa5 {[%emt 0:00:01]} 43. c7 {[%emt 0:00:00]} Ra2+ {[%emt 0:00:00]} 44. Kg3 {[%emt 0:00:03]} Rc2 {[%emt 0:00:00]} 45. Bxc2 {[%emt 0:00:01] Bardellosport abbandona (Lag: Av=0.29s, max=0.3s)} 1-0

[Event "Stay Safe Play From Home 269"]
[Site "Emanuel Lasker Arena"]
[Date "2020.07.01"]
[Round "8"]
[White "Lazieri3"]
[Black "Jhhonnyy"]
[Result "0-1"]
[WhiteElo "2082"]
[BlackElo "2307"]
[Annotator "TA"]
[PlyCount "106"]
[EventDate "2020.07.01"]
[EventType "swiss (blitz)"]

{[%evp 9,106,-25,0,-20,-22,-23,-11,-20,-18,-21,8,-16,17,-16,7,-25,-129,-27,14,0,0,0,0,-104,8,-32,-29,-54,-55,-68,-61,-153,-172,-168,-122,-112,-113,-179,-87,-111,-92,-343,-339,-359,-357,-343,-319,-364,-218,-420,-410,-486,-489,-475,-367,-404,-339,-513,-507,-549,-489,-506,-500,-499,-482,-467,322,328,423,323,435,424,554,562,504,391,565,477,477,410,1568,1387,946,939,29974,888,11347,5190,4706,1487,29973,29968,29975,29976,29980,29981,29981,29982,29982]} 1. e4 c5 2. Nc3 e6 3. d3 Nc6 4. Nf3 Nf6 5. Bg5 d6 6. h3 {B40: Sicilian: 2...e6, Unusual lines.} Be7 7. Be2 {[#]} Rb8 $146 ({Predecessor:} 7... d5 8. exd5 Nxd5 9. Bxe7 Ndxe7 10. Ne4 b6 11. c3 O-O 12. Qc2 e5 13. Rd1 h6 {0-1 (54) Jashari,D (1755)-Ernst,T (2342) Sarpsborg 2019}) 8. O-O {The position is equal.} b5 9. a3 a5 10. Bh4 Bd7 11. Qd2 h6 12. Nd1 O-O 13. Ne3 Nxe4 14. dxe4 {Hoping for Bxe7.} Bxh4 15. Qxd6 Be7 16. Qd2 (16. Qg3 $11) 16... Bf6 (16... Qc7 $17) 17. c3 (17. Ng4 $5 {[%cal Rg4f6]} Nd4 18. Rad1 $14) 17... Qc7 18. Rfd1 Rfd8 19. Ng4 Be7 20. Nxh6+ ({White should try} 20. a4 $15) 20... gxh6 $17 21. Qxh6 Bf8 22. Qg5+ Bg7 23. Rd3 (23. Qxc5 $17 b4 24. cxb4 axb4 25. Qg5) 23... Ne5 (23... c4 $19 {has better winning chances.} 24. Rd2 Be8) 24. Nxe5 Qxe5 25. Qg4 $2 {[%mdl 8192]} (25. Qd2 $17) 25... Bc6 $19 26. Rg3 Bxe4 27. Re1 Bg6 28. h4 Qe4 (28... c4 $142 29. Re3 Qf6) 29. Qg5 $2 (29. h5 {was the only chance.} Qxg4 30. Bxg4) 29... Rd5 30. Qc1 {With the idea h5!} Qxh4 31. Bf3 Rd7 32. Qe3 c4 {[#]} 33. Rg4 (33. Rxg6 $142 $1 {[%mdl 512]} fxg6 34. Qxe6+ Rf7 35. Re2) 33... Qf6 34. Rf4 Qe7 35. Be4 Bxe4 36. Rxe4 Rd5 37. Qg3 Rg5 $4 {[%mdl 8192]} (37... Qd6 $19 {aiming for ...Qxg3.} 38. Qxd6 Rxd6) 38. Qxb8+ $18 Kh7 39. Qf4 b4 40. Qh4+ Kg6 41. axb4 axb4 42. Rg4 Bf6 (42... bxc3 {was necessary.} 43. bxc3 (43. Rxc4 cxb2 44. Qe4+ Kh6 $11) 43... Qd8 44. Rxg5+ Qxg5 45. Qxc4 Qf5) 43. Rxg5+ Bxg5 {[%mdl 4096] Endgame KQR-KQB} 44. Qe4+ f5 (44... Kg7 $142 45. Qxc4 bxc3 46. Qxc3+ Bf6) 45. Qxe6+ Qxe6 46. Rxe6+ {KR-KB} Bf6 47. Rc6 (47. cxb4 $142 Kf7 48. Rxf6+ $1 {[%mdl 512]} Kxf6 49. f4 Kf7 50. b5 Ke8 51. b6 Kd8 52. g4 $1 {[%mdl 512]} fxg4 53. f5) 47... bxc3 48. bxc3 Kg5 {[#]} 49. Rxc4 (49. f4+ $142 $1 Kg6 (49... Kxf4 50. Rxf6) 50. Kf2) 49... f4 50. Rc6 {White mates.} Be5 51. Rc5 Kf5 {[#]} 52. Rxe5+ $1 Kxe5 53. g3 f3 {[%mdl 32768] Accuracy: White = 49%, Black = 37%. . Loss on time!?} 0-1

[Event "Stay Safe Play From Home 269"]
[Site "Emanuel Lasker Arena"]
[Date "2020.07.01"]
[Round "8"]
[White "NeatFox"]
[Black "The Next Contender"]
[Result "0-1"]
[WhiteElo "1878"]
[BlackElo "1939"]
[Annotator "NA"]
[PlyCount "78"]
[EventDate "2020.07.01"]
[EventType "swiss (blitz)"]

1. g4 {[%emt 0:00:01]} d5 {[%emt 0:00:00]} 2. Bg2 {[%emt 0:00:00]} Bxg4 {[%emt 0:00:01]} 3. c4 {[%emt 0:00:00]} c6 {[%emt 0:00:01]} 4. cxd5 {[%emt 0:00:01]} cxd5 {[%emt 0:00:00]} 5. Qb3 {[%emt 0:00:00]} Nc6 {[%emt 0:00:12]} 6. Bxd5 {[%emt 0:00:04]} e6 {[%emt 0:00:05]} 7. Qxb7 {[%emt 0:00:01]} exd5 {[%emt 0:00:04]} 8. Qxc6+ {[%emt 0:00:01]} Bd7 {[%emt 0:00:00]} 9. Qxd5 {[%emt 0:00:01]} Be7 {[%emt 0:00:00]} 10. Nf3 {[%emt 0:00:01]} Nf6 {[%emt 0:00:00]} 11. Qg5 {[%emt 0:00:02]} O-O {[%emt 0:00:00]} 12. Rg1 {[%emt 0:00:01]} Ng4 {[%emt 0:00:01]} 13. Qf4 {[%emt 0:00:03]} Rc8 {[%emt 0:00:06]} 14. Nc3 {[%emt 0:00:02]} g5 {[%emt 0:00:05]} 15. Qg3 {[%emt 0:00:05]} Qb6 {[%emt 0:00:01]} 16. h3 {[%emt 0:00:02]} Qxf2+ {[%emt 0:00:01]} 17. Qxf2 {[%emt 0:00:01]} Nxf2 {[%emt 0:00:01]} 18. Kxf2 {[%emt 0:00:01]} g4 {[%emt 0:00:00]} 19. hxg4 {[%emt 0:00:01]} Bc5+ {[%emt 0:00:01]} 20. e3 {[%emt 0:00:01]} Rfe8 {[%emt 0:00:01]} 21. b3 {[%emt 0:00:04]} Bc6 {[%emt 0:00:01]} 22. Bb2 {[%emt 0:00:02]} Rcd8 {[%emt 0:00:00]} 23. Na4 {[%emt 0:00:04]} Bxf3 {[%emt 0:00:07]} 24. Kxf3 {[%emt 0:00:01]} Rxd2 {[%emt 0:00:02]} 25. Nxc5 {[%emt 0:00:06]} Rxb2 {[%emt 0:00:01]} 26. Rad1 {[%emt 0:00:04]} Rc2 {[%emt 0:00:00]} 27. b4 {[%emt 0:00:02]} Rc3 {[%emt 0:00:00]} 28. Rge1 {[%emt 0:00:02]} Ra3 {[%emt 0:00:00]} 29. Rd2 {[%emt 0:00:01]} a5 {[%emt 0:00:00]} 30. bxa5 {[%emt 0:00:01]} Rxa5 {[%emt 0:00:01]} 31. Nd7 {[%emt 0:00:01]} Ree5 {[%emt 0:00:00]} 32. Nf6+ {[%emt 0:00:00]} Kg7 {[%emt 0:00:01]} 33. Nh5+ {[%emt 0:00:01]} Kg6 {[%emt 0:00:01]} 34. Nf4+ {[%emt 0:00:00]} Kf6 {[%emt 0:00:01]} 35. Rd6+ {[%emt 0:00:00]} Ke7 {[%emt 0:00:00]} 36. Red1 {[%emt 0:00:01]} Ra3 {[%emt 0:00:00]} 37. Rd7+ {[%emt 0:00:00]} Kf8 {[%emt 0:00:01]} 38. R1d6 {[%emt 0:00:00]} Kg7 {[%emt 0:00:00]} 39. Rd8 {[%emt 0:00:00]} Raxe3+ {[%emt 0:00:00] Zeit (Lag: Av=0.54s, max=0.8s)} 0-1

[Event "Stay Safe Play From Home 269"]
[Site "Emanuel Lasker Arena"]
[Date "2020.07.01"]
[Round "8"]
[White "Trotsky"]
[Black "AChessPlayer"]
[Result "0-1"]
[WhiteElo "1627"]
[BlackElo "2456"]
[PlyCount "36"]
[EventDate "2020.07.01"]
[EventType "swiss (blitz)"]

1. d4 {[%emt 0:00:01]} g6 {[%emt 0:00:01]} 2. e3 {[%emt 0:00:00]} Bg7 {[%emt 0:00:00]} 3. c4 {[%emt 0:00:01]} c5 {[%emt 0:00:00]} 4. Nc3 {[%emt 0:00:01]} Nf6 {[%emt 0:00:00]} 5. Nf3 {[%emt 0:00:04]} O-O {[%emt 0:00:00]} 6. Bd3 {[%emt 0:00:01]} cxd4 {[%emt 0:00:02]} 7. exd4 {[%emt 0:00:01]} d6 {[%emt 0:00:00]} 8. Be3 {[%emt 0:00:01]} d5 {[%emt 0:00:00]} 9. Qc2 {[%emt 0:00:01]} Nc6 {[%emt 0:00:01]} 10. a3 {[%emt 0:00:01]} dxc4 {[%emt 0:00:01]} 11. Bxc4 {[%emt 0:00:02]} Bf5 {[%emt 0:00:00]} 12. Bd3 {[%emt 0:00:02]} Rc8 {[%emt 0:00:00]} 13. h4 {[%emt 0:00:02]} Bxd3 {[%emt 0:00:01]} 14. Qxd3 {[%emt 0:00:01]} e5 {[%emt 0:00:01]} 15. d5 {[%emt 0:00:02]} e4 {[%emt 0:00:01]} 16. Nxe4 {[%emt 0:00:02]} Nxd5 {[%emt 0:00:03]} 17. Neg5 {[%emt 0:00:03]} Nxe3 {[%emt 0:00:01]} 18. fxe3 {[%emt 0:00:01]} Qxd3 {[%emt 0:00:01] Trotsky Ñäàåòñÿ (Lag: Av=0.40s, max=0.6s)} 0-1

[Event "Stay Safe Play From Home 269"]
[Site "Emanuel Lasker Arena"]
[Date "2020.07.01"]
[Round "8"]
[White "Germanicus G"]
[Black "Klasman"]
[Result "1-0"]
[WhiteElo "1382"]
[BlackElo "1352"]
[Annotator "NA"]
[PlyCount "49"]
[EventDate "2020.07.01"]
[EventType "swiss (blitz)"]

1. d3 {[%emt 0:00:00]} f5 {[%emt 0:00:01]} 2. e3 {[%emt 0:00:00]} Nf6 {[%emt 0:00:01]} 3. g3 {[%emt 0:00:00]} e5 {[%emt 0:00:01]} 4. Bg2 {[%emt 0:00:00]} d5 {[%emt 0:00:01]} 5. Ne2 {[%emt 0:00:01]} c5 {[%emt 0:00:01]} 6. O-O {[%emt 0:00:00]} Nc6 {[%emt 0:00:01]} 7. c3 {[%emt 0:00:00]} Be6 {[%emt 0:00:01]} 8. d4 {[%emt 0:00:00]} cxd4 {[%emt 0:00:02]} 9. cxd4 {[%emt 0:00:01]} exd4 {[%emt 0:00:04]} 10. Nxd4 {[%emt 0:00:02]} Nxd4 {[%emt 0:00:06]} 11. exd4 {[%emt 0:00:01]} Bd6 {[%emt 0:00:02]} 12. Re1 {[%emt 0:00:01]} Kf7 {[%emt 0:00:01]} 13. Qb3 {[%emt 0:00:08]} Qb6 {[%emt 0:00:04]} 14. Nc3 {[%emt 0:00:11]} Qxb3 {[%emt 0:00:02]} 15. axb3 {[%emt 0:00:01]} a6 {[%emt 0:00:03]} 16. Na4 {[%emt 0:00:02]} b5 {[%emt 0:00:03]} 17. Nc3 {[%emt 0:00:04]} Rac8 {[%emt 0:00:03]} 18. Bg5 {[%emt 0:00:02]} Ne4 {[%emt 0:00:02]} 19. Nxe4 {[%emt 0:00:05]} fxe4 {[%emt 0:00:02]} 20. Be3 {[%emt 0:00:02]} Rc2 {[%emt 0:00:03]} 21. Rxa6 {[%emt 0:00:02]} Be7 {[%emt 0:00:05]} 22. Rb6 {[%emt 0:00:04]} Rhc8 {[%emt 0:00:03]} 23. Rxb5 {[%emt 0:00:01]} Rxb2 {[%emt 0:00:03]} 24. Rb7 {[%emt 0:00:03]} h6 {[%emt 0:00:03]} 25. Bc1 {[%emt 0:00:04] Time (Lag: Av=0.36s, max=0.8s)} 1-0

[Event "Stay Safe Play From Home 269"]
[Site "Emanuel Lasker Arena"]
[Date "2020.07.01"]
[Round "9"]
[White "AChessPlayer"]
[Black "Haxhi Baha"]
[Result "1-0"]
[WhiteElo "2457"]
[BlackElo "2054"]
[PlyCount "73"]
[EventDate "2020.07.01"]
[EventType "swiss (blitz)"]

1. g3 {[%emt 0:00:01]} e5 {[%emt 0:00:01]} 2. Bg2 {[%emt 0:00:00]} d6 {[%emt 0:00:00]} 3. c4 {[%emt 0:00:00]} f5 {[%emt 0:00:00]} 4. Nc3 {[%emt 0:00:00]} Nf6 {[%emt 0:00:01]} 5. d3 {[%emt 0:00:00]} c6 {[%emt 0:00:00]} 6. Nf3 {[%emt 0:00:00]} Be6 {[%emt 0:00:00]} 7. O-O {[%emt 0:00:00]} h6 {[%emt 0:00:00]} 8. Nh4 {[%emt 0:00:01]} g5 {[%emt 0:00:03]} 9. Ng6 {[%emt 0:00:01]} Rg8 {[%emt 0:00:00]} 10. Nxf8 {[%emt 0:00:00]} Kxf8 {[%emt 0:00:00]} 11. b3 {[%emt 0:00:03]} Nbd7 {[%emt 0:00:01]} 12. f4 {[%emt 0:00:01]} g4 {[%emt 0:00:01]} 13. fxe5 {[%emt 0:00:02]} dxe5 {[%emt 0:00:00]} 14. e4 {[%emt 0:00:00]} Qb6+ {[%emt 0:00:05]} 15. Kh1 {[%emt 0:00:01]} h5 {[%emt 0:00:03]} 16. exf5 {[%emt 0:00:01]} Bf7 {[%emt 0:00:00]} 17. Ne4 {[%emt 0:00:01]} h4 {[%emt 0:00:00]} 18. Ba3+ {[%emt 0:00:01]} Ke8 {[%emt 0:00:02]} 19. Nd6+ {[%emt 0:00:01]} Kd8 {[%emt 0:00:07]} 20. Nxf7+ {[%emt 0:00:01]} Kc7 {[%emt 0:00:01]} 21. gxh4 {[%emt 0:00:00]} g3 {[%emt 0:00:05]} 22. h3 {[%emt 0:00:01]} Qe3 {[%emt 0:00:02]} 23. Qf3 {[%emt 0:00:02]} Qxf3 {[%emt 0:00:02]} 24. Rxf3 {[%emt 0:00:01]} Rg7 {[%emt 0:00:01]} 25. Ng5 {[%emt 0:00:01]} Rgg8 {[%emt 0:00:04]} 26. Ne6+ {[%emt 0:00:01]} Kb6 {[%emt 0:00:00]} 27. Bc1 {[%emt 0:00:02]} c5 {[%emt 0:00:04]} 28. Be3 {[%emt 0:00:00]} Rae8 {[%emt 0:00:02]} 29. b4 {[%emt 0:00:01]} Nh5 {[%emt 0:00:01]} 30. bxc5+ {[%emt 0:00:01]} Ka6 {[%emt 0:00:02]} 31. Nc7+ {[%emt 0:00:01]} Ka5 {[%emt 0:00:02]} 32. Bd2+ {[%emt 0:00:01]} Ka4 {[%emt 0:00:01]} 33. Rb1 {[%emt 0:00:01]} Nxc5 {[%emt 0:00:01]} 34. Rb4+ {[%emt 0:00:02]} Ka3 {[%emt 0:00:00]} 35. d4+ {[%emt 0:00:00]} Kxa2 {[%emt 0:00:01]} 36. Nb5 {[%emt 0:00:04]} exd4 {[%emt 0:00:01]} 37. Ra3# {[%emt 0:00:00] (Lag: Av=0.87s, max=1.8s)} 1-0

[Event "Stay Safe Play From Home 269"]
[Site "Emanuel Lasker Arena"]
[Date "2020.07.01"]
[Round "9"]
[White "Jhhonnyy"]
[Black "NeatFox"]
[Result "1-0"]
[WhiteElo "2314"]
[BlackElo "1864"]
[Annotator "RC"]
[PlyCount "109"]
[EventDate "2020.07.01"]
[EventType "swiss (blitz)"]

1. d4 {[%emt 0:00:01]} c6 {[%emt 0:00:00]} 2. c4 {[%emt 0:00:00]} d5 {[%emt 0:00:00]} 3. Nf3 {[%emt 0:00:00]} dxc4 {[%emt 0:00:01]} 4. Nbd2 {[%emt 0:00:00]} g6 {[%emt 0:00:00]} 5. Nxc4 {[%emt 0:00:00]} Bg7 {[%emt 0:00:00]} 6. Nce5 {[%emt 0:00:00]} Nf6 {[%emt 0:00:00]} 7. e3 {[%emt 0:00:01]} O-O {[%emt 0:00:00]} 8. Bc4 {[%emt 0:00:00]} b5 {[%emt 0:00:02]} 9. Bxf7+ {[%emt 0:00:02]} Rxf7 {[%emt 0:00:01]} 10. Nxf7 {[%emt 0:00:02]} Kxf7 {[%emt 0:00:00]} 11. Ne5+ {[%emt 0:00:01]} Kg8 {[%emt 0:00:01]} 12. O-O {[%emt 0:00:00]} e6 {[%emt 0:00:01]} 13. Bd2 {[%emt 0:00:01]} Nbd7 {[%emt 0:00:02]} 14. Nxc6 {[%emt 0:00:02]} Qb6 {[%emt 0:00:01]} 15. Rc1 {[%emt 0:00:01]} Bb7 {[%emt 0:00:02]} 16. Nb4 {[%emt 0:00:03]} Rc8 {[%emt 0:00:01]} 17. Nd3 {[%emt 0:00:01]} Rxc1 {[%emt 0:00:01]} 18. Bxc1 {[%emt 0:00:00]} Qc6 {[%emt 0:00:00]} 19. f3 {[%emt 0:00:01]} Nd5 {[%emt 0:00:01]} 20. Bd2 {[%emt 0:00:02]} a6 {[%emt 0:00:02]} 21. Qe2 {[%emt 0:00:01]} N5f6 {[%emt 0:00:01]} 22. Rc1 {[%emt 0:00:01]} Qb6 {[%emt 0:00:01]} 23. Nc5 {[%emt 0:00:01]} Nxc5 {[%emt 0:00:01]} 24. Rxc5 {[%emt 0:00:00]} Nd7 {[%emt 0:00:02]} 25. Rc1 {[%emt 0:00:01]} e5 {[%emt 0:00:01]} 26. dxe5 {[%emt 0:00:02]} Nxe5 {[%emt 0:00:00]} 27. Bc3 {[%emt 0:00:01]} Nc4 {[%emt 0:00:01]} 28. Bxg7 {[%emt 0:00:01]} Kxg7 {[%emt 0:00:00]} 29. b3 {[%emt 0:00:01]} Ne5 {[%emt 0:00:02]} 30. Kh1 {[%emt 0:00:01]} Kh6 {[%emt 0:00:01]} 31. Qd2 {[%emt 0:00:02]} Qf6 {[%emt 0:00:04]} 32. e4+ {[%emt 0:00:01]} Kh5 {[%emt 0:00:02]} 33. Rf1 {[%emt 0:00:01]} g5 {[%emt 0:00:01]} 34. f4 {[%emt 0:00:02]} gxf4 {[%emt 0:00:01]} 35. Qxf4 {[%emt 0:00:01]} Qxf4 {[%emt 0:00:01]} 36. Rxf4 {[%emt 0:00:00]} Nd3 {[%emt 0:00:03]} 37. Rf5+ {[%emt 0:00:01]} Kg6 {[%emt 0:00:01]} 38. Rf8 {[%emt 0:00:02]} Bxe4 {[%emt 0:00:01]} 39. Kg1 {[%emt 0:00:00]} Ne1 {[%emt 0:00:06]} 40. g3 {[%emt 0:00:01]} Bf5 {[%emt 0:00:02]} 41. Ra8 {[%emt 0:00:02]} Nc2 {[%emt 0:00:04]} 42. Rxa6+ {[%emt 0:00:01]} Kg5 {[%emt 0:00:02]} 43. a4 {[%emt 0:00:00]} Nd4 {[%emt 0:00:01]} 44. a5 {[%emt 0:00:02]} Nxb3 {[%emt 0:00:01]} 45. Rb6 {[%emt 0:00:00]} Nd4 {[%emt 0:00:01]} 46. a6 {[%emt 0:00:00]} Bc8 {[%emt 0:00:01]} 47. a7 {[%emt 0:00:01]} Bb7 {[%emt 0:00:01]} 48. Rxb7 {[%emt 0:00:01]} Nc6 {[%emt 0:00:01]} 49. a8=Q {[%emt 0:00:00]} b4 {[%emt 0:00:01]} 50. Rb5+ {[%emt 0:00:01]} Ne5 {[%emt 0:00:00]} 51. Rxe5+ {[%emt 0:00:01]} Kg4 {[%emt 0:00:00]} 52. Rb5 {[%emt 0:00:00]} Kh3 {[%emt 0:00:00]} 53. Qg2+ {[%emt 0:00:01]} Kg4 {[%emt 0:00:01]} 54. Rxb4+ {[%emt 0:00:00]} Kh5 {[%emt 0:00:00]} 55. Qd5+ {[%emt 0:00:01] Zeit (Lag: Av=0.34s, max=1.0s)} 1-0

[Event "Stay Safe Play From Home 269"]
[Site "Emanuel Lasker Arena"]
[Date "2020.07.01"]
[Round "9"]
[White "The Next Contender"]
[Black "Mepe_Nika"]
[Result "1-0"]
[WhiteElo "1953"]
[BlackElo "2418"]
[PlyCount "57"]
[EventDate "2020.07.01"]
[EventType "swiss (blitz)"]

1. d4 {[%emt 0:00:01]} d5 {[%emt 0:00:01]} 2. c4 {[%emt 0:00:00]} c6 {[%emt 0:00:00]} 3. Nf3 {[%emt 0:00:01]} Nf6 {[%emt 0:00:01]} 4. e3 {[%emt 0:00:01]} e6 {[%emt 0:00:01]} 5. Ke2 {[%emt 0:00:01]} Nbd7 {[%emt 0:00:01]} 6. Ke1 {[%emt 0:00:00]} Bd6 {[%emt 0:00:01]} 7. Be2 {[%emt 0:00:00]} O-O {[%emt 0:00:00]} 8. c5 {[%emt 0:00:00]} Bc7 {[%emt 0:00:01]} 9. Kf1 {[%emt 0:00:00]} e5 {[%emt 0:00:00]} 10. g3 {[%emt 0:00:00]} e4 {[%emt 0:00:01]} 11. Nfd2 {[%emt 0:00:00]} Re8 {[%emt 0:00:00]} 12. Kg2 {[%emt 0:00:00]} Nf8 {[%emt 0:00:00]} 13. Re1 {[%emt 0:00:01]} Qd7 {[%emt 0:00:01]} 14. Kg1 {[%emt 0:00:01]} Qh3 {[%emt 0:00:01]} 15. Bf1 {[%emt 0:00:00]} Qh6 {[%emt 0:00:01]} 16. Bg2 {[%emt 0:00:00]} Bg4 {[%emt 0:00:01]} 17. f3 {[%emt 0:00:02]} exf3 {[%emt 0:00:02]} 18. Nxf3 {[%emt 0:00:00]} Ne4 {[%emt 0:00:02]} 19. Nbd2 {[%emt 0:00:02]} Re6 {[%emt 0:00:04]} 20. Qc2 {[%emt 0:00:03]} Rae8 {[%emt 0:00:02]} 21. Nxe4 {[%emt 0:00:01]} dxe4 {[%emt 0:00:00]} 22. Nd2 {[%emt 0:00:03]} Qh5 {[%emt 0:00:04]} 23. Nxe4 {[%emt 0:00:02]} Rh6 {[%emt 0:00:01]} 24. Bh1 {[%emt 0:00:04]} Bf5 {[%emt 0:00:03]} 25. Re2 {[%emt 0:00:08]} Ne6 {[%emt 0:00:04]} 26. Rf2 {[%emt 0:00:01]} Bxe4 {[%emt 0:00:12]} 27. Qxe4 {[%emt 0:00:02]} Kf8 {[%emt 0:00:06]} 28. Qf3 {[%emt 0:00:01]} Qh3 {[%emt 0:00:03]} 29. Qxf7# {[%emt 0:00:01] (Lag: Av=0.57s, max=1.2s)} 1-0

[Event "Stay Safe Play From Home 269"]
[Site "Emanuel Lasker Arena"]
[Date "2020.07.01"]
[Round "9"]
[White "Trotsky"]
[Black "Lazieri3"]
[Result "0-1"]
[WhiteElo "1626"]
[BlackElo "2074"]
[Annotator "NA"]
[PlyCount "86"]
[EventDate "2020.07.01"]
[EventType "swiss (blitz)"]

1. d4 {[%emt 0:00:01]} c6 {[%emt 0:00:01]} 2. e3 {[%emt 0:00:00]} d5 {[%emt 0:00:00]} 3. c4 {[%emt 0:00:01]} Nf6 {[%emt 0:00:00]} 4. Nc3 {[%emt 0:00:01]} Bg4 {[%emt 0:00:00]} 5. f3 {[%emt 0:00:01]} Bf5 {[%emt 0:00:01]} 6. c5 {[%emt 0:00:01]} Nbd7 {[%emt 0:00:07]} 7. Bd3 {[%emt 0:00:01]} Bxd3 {[%emt 0:00:01]} 8. Qxd3 {[%emt 0:00:01]} e5 {[%emt 0:00:00]} 9. Bd2 {[%emt 0:00:02]} exd4 {[%emt 0:00:01]} 10. exd4 {[%emt 0:00:01]} Be7 {[%emt 0:00:00]} 11. O-O-O {[%emt 0:00:01]} O-O {[%emt 0:00:00]} 12. h4 {[%emt 0:00:01]} h6 {[%emt 0:00:03]} 13. Nh3 {[%emt 0:00:01]} b6 {[%emt 0:00:02]} 14. Ng5 {[%emt 0:00:00]} bxc5 {[%emt 0:00:02]} 15. g4 {[%emt 0:00:06]} cxd4 {[%emt 0:00:02]} 16. Ne2 {[%emt 0:00:01]} Nc5 {[%emt 0:00:02]} 17. Qxd4 {[%emt 0:00:02]} hxg5 {[%emt 0:00:01]} 18. hxg5 {[%emt 0:00:01]} Nh7 {[%emt 0:00:01]} 19. g6 {[%emt 0:00:02]} fxg6 {[%emt 0:00:01]} 20. Nf4 {[%emt 0:00:02]} Rxf4 {[%emt 0:00:03]} 21. Bxf4 {[%emt 0:00:02]} Bg5 {[%emt 0:00:01]} 22. Rh3 {[%emt 0:00:06]} Bxf4+ {[%emt 0:00:01]} 23. Qxf4 {[%emt 0:00:01]} Qg5 {[%emt 0:00:01]} 24. Qxg5 {[%emt 0:00:01]} Nxg5 {[%emt 0:00:00]} 25. Rh4 {[%emt 0:00:02]} Nxf3 {[%emt 0:00:01]} 26. Rh3 {[%emt 0:00:03]} Ne5 {[%emt 0:00:02]} 27. Rdh1 {[%emt 0:00:01]} Kf7 {[%emt 0:00:01]} 28. Re3 {[%emt 0:00:03]} Ncd3+ {[%emt 0:00:02]} 29. Kc2 {[%emt 0:00:02]} c5 {[%emt 0:00:02]} 30. Rf1+ {[%emt 0:00:01]} Ke6 {[%emt 0:00:01]} 31. Kc3 {[%emt 0:00:01]} c4 {[%emt 0:00:01]} 32. b3 {[%emt 0:00:02]} cxb3 {[%emt 0:00:01]} 33. axb3 {[%emt 0:00:01]} Rc8+ {[%emt 0:00:01]} 34. Kd4 {[%emt 0:00:01]} Rc2 {[%emt 0:00:02]} 35. Rf8 {[%emt 0:00:01]} Rd2 {[%emt 0:00:01]} 36. Re8+ {[%emt 0:00:01]} Kd6 {[%emt 0:00:01]} 37. R8xe5 {[%emt 0:00:02]} Nxe5+ {[%emt 0:00:01]} 38. Kc3 {[%emt 0:00:01]} Nxg4 {[%emt 0:00:02]} 39. Re8 {[%emt 0:00:01]} Rf2 {[%emt 0:00:01]} 40. Rd8+ {[%emt 0:00:01]} Kc7 {[%emt 0:00:01]} 41. Kb4 {[%emt 0:00:01]} Rf3 {[%emt 0:00:00]} 42. Ra8 {[%emt 0:00:01]} a5+ {[%emt 0:00:00]} 43. Kxa5 {[%emt 0:00:01]} Rf4 {[%emt 0:00:00] Âðåìÿ (Lag: Av=0.52s, max=0.9s) '} 0-1